Armstrong,s HandBook of Strategic Human Resource Management (Record no. 4829)

MARC details
005 - DATE AND TIME OF LATEST TRANSACTION
control field 20250624111246.0
020 ## - INTERNATIONAL STANDARD BOOK NUMBER
International Standard Book Number 978-0-7494-7682-3
082 ## - DEWEY DECIMAL CLASSIFICATION NUMBER
Classification number 658.3ARM
100 ## - MAIN ENTRY--PERSONAL NAME
Author name ARMSTRONG. M
245 ## - TITLE STATEMENT
Title Armstrong,s HandBook of Strategic Human Resource Management
250 ## - EDITION STATEMENT
Edition statement 6th Ed,
260 ## - PUBLICATION, DISTRIBUTION, ETC.
Place of publication, distribution, etc. British,
Name of publisher, distributor, etc. London,
Date of publication, distribution, etc. 2000.
300 ## - PHYSICAL DESCRIPTION
Extent x; 262p; ill; table; figure,
Other physical details Index,
Dimensions 23cm.
942 ## - ADDED ENTRY ELEMENTS (KOHA)
Source of classification or shelving scheme Dewey Decimal Classification
Koha item type Books

No items available.